El grabado en México (Record no. 2325)

MARC details
000 -CABECERA
campo de control de longitud fija 00852nam a2200253 a 4500
001 - NÚMERO DE CONTROL
campo de control BRCA_2585
005 - FECHA Y HORA DE LA ÚLTIMA TRANSACCIÓN
campo de control 20190320203858.0
008 - DATOS DE LONGITUD FIJA--INFORMACIÓN GENERAL
campo de control de longitud fija 271108s1933----mx-a######---#000-0#spa-u
041 ## - CÓDIGO DE LENGUA
Código de lengua del texto/banda sonora o título independiente spa
044 ## - CÓDIGO DEL PAÍS DE LA ENTIDAD EDITORA/PRODUCTORA
Código MARC del país mx
050 #4 - SIGNATURA TOPOGRÁFICA DE LA BIBLIOTECA DEL CONGRESO
Número de clasificación NE544
Número de documento/Ítem .N38 1933
100 1# - ENTRADA PRINCIPAL--NOMBRE DE PERSONA
Nombre de persona Navalón, Sebastián C.
9 (RLIN) 7384
245 10 - MENCIÓN DE TÍTULO
Título El grabado en México
Mención de responsabilidad, etc. Sebastián C. Navalón. ; con notas y preámbulo de Manuel Romero de Terreros.
260 ## - PUBLICACIÓN, DISTRIBUCIÓN, ETC.
Lugar de publicación, distribución, etc. México
Nombre del editor, distribuidor, etc. Talleres Gráficos del Museo Nacional de Arqueología, Historia y Etnografía
Fecha de publicación, distribución, etc. 1933
300 ## - DESCRIPCIÓN FÍSICA
Extensión 15 p.
Otras características físicas il.
Dimensiones 27 cm.
440 #0 - MENCIÓN DE SERIE/PUNTO DE ACCESO ADICIONAL--TÍTULO
Título Publicaciones del Museo Nacional
9 (RLIN) 7385
500 ## - NOTA GENERAL
Nota general Revista inventariada por Banco de México como libro
500 ## - NOTA GENERAL
Nota general A53a
650 14 - PUNTO DE ACCESO ADICIONAL DE MATERIA--TÉRMINO DE MATERIA
Término de materia o nombre geográfico como elemento de entrada Grabado
Subdivisión general Historia
9 (RLIN) 1591
650 14 - PUNTO DE ACCESO ADICIONAL DE MATERIA--TÉRMINO DE MATERIA
Término de materia o nombre geográfico como elemento de entrada Grabado
Subdivisión geográfica México
9 (RLIN) 545
700 1# - PUNTO DE ACCESO ADICIONAL--NOMBRE DE PERSONA
Nombre de persona Romero de Terreros, Manuel
9 (RLIN) 7386
902 ## - CATALOGADOR
Iniciales GFM
942 ## - ELEMENTOS DE PUNTO DE ACCESO ADICIONAL (KOHA)
Fuente del sistema de clasificación o colocación Library of Congress Classification
Tipo de ítem Koha Libros
Holdings
Estado de retiro Estado de pérdida Estado dañado No para préstamo Localización permanente Ubicación/localización actual Fecha de adquisición Número de inventario Total de préstamos Signatura topográfica completa Código de barras Fecha visto por última vez Precio válido a partir de Tipo de ítem Koha
El ejemplar forma parte de la colección y puede ser consultado según las políticas vigentes.       Biblioteca del Museo Franz Mayer (Rogerio Casas-Alatriste) Biblioteca del Museo Franz Mayer (Rogerio Casas-Alatriste) 27/11/2008 A53a   NE544 .N38 1933 (A53a) 2582 22/03/2019 22/03/2019 Libros